| 000 | 02903nam a22002894a 4500 | ||
|---|---|---|---|
| 003 | BOLpUSFA | ||
| 005 | 20260416153455.0 | ||
| 008 | t bo grm 001 | spa|| | ||
| 040 | _aBOLpUSFA | ||
| 041 | _aspa | ||
| 044 | _aBO | ||
| 082 |
_aADM0021 _bR621e PG |
||
| 100 | _aRivera Pérez, Rasshiel Iran | ||
| 245 | _aEstudio de factibilidad para la creación de una Microempresa de Bisutería Artesanal en porcelana fría en el Municipio de Tupiza | ||
| 260 |
_aTupiza: _bUniversidad Privada San Francisco de Asís. Carrera de Administración de Empresas, _c2025 |
||
| 300 | _a290 p. | ||
| 502 | _aModalidad: Proyecto de Grado - Tutora: Lic. Carmen Julia Arizaga Surriable | ||
| 520 | _aEl presente proyecto de estudio de factibilidad para la creación de una microempresa de bisutería artesanal en porcelana fría tiene como objetivo desarrollar un negocio que ofrezca productos únicos y personalizados para el Municipio de Tupiza. Este proyecto surge debido a la insatisfacción del mercado local con la oferta de bisutería artesanal. La mayoría de los consumidores busca productos que reflejen sus gustos y preferencias, pero no encuentran variedad ni diseño en el mercado actual. El método utilizado para desarrollar el proyecto incluyó un análisis de mercado a través de encuestas con el fin de identificar las preferencias del consumidor y los puntos de venta más relevantes. Además, se estudió la competencia local y las oportunidades de ventas en línea y en ferias artesanales también involucró la definición de costos, precios y toda la estructura de la microempresa. Entre los principales resultados obtenidos, se destaca que los encuestados tienen dificultades para encontrar productos adecuados y estarían dispuestos a comprar bisutería artesanal en porcelana fría. Los productos más demandados fueron aretes, collar y pulsera. Este proyecto concluye que la creación de esta microempresa tiene un alto potencial de éxito, con una demanda insatisfecha y un mercado dispuesto a apoyar la iniciativa. En conclusión, el estudio determina que la creación de la microempresa es técnica, económica y comercialmente viable, debido a la existencia de una demanda potencial no satisfecha, la aceptación del producto y las oportunidades de crecimiento en el mercado local; el proyecto representa una alternativa de autoempleo, desarrollo artesanal y promoción de bisutería artesanal en el Municipio de Tupiza. | ||
| 650 | _aAdministración de Empresas | ||
| 650 | _aProyecto de Grado | ||
| 650 | _aEstudio de factibilidad | ||
| 650 | _aJoyas artesanales | ||
| 650 | _aPorcelana fría | ||
| 651 | _aPotosí | ||
| 651 | _aTupiza | ||
| 942 |
_2ddc _cTE _zLLO |
||
| 999 |
_c9708 _d9708 |
||